| 000 | 02942nam0a2200421 4500 | ||
|---|---|---|---|
| 001 | RU\NLR\BIBL_A\022327719 | ||
| 005 | 20260420014737.0 | ||
| 010 |
_a978-5-7281-3309-4 _91000 |
||
| 021 |
_aRU _bКН-П-24-044823 _9КН-П-24-4459 |
||
| 035 | _a(NLR Aleph) 022327719 | ||
| 090 |
_a13665359 _c13665359 |
||
| 100 | _a20240919d2024 u y0rusy50 ca | ||
| 101 | 0 | _arus | |
| 102 | _aRU | ||
| 105 | _ay j 000yy | ||
| 181 | 0 |
_ai _baxxe |
|
| 182 | 0 | _an | |
| 200 | 1 |
_aИнституты публичной власти в России _eучебник _e[по направлению подготовки 41.04.06 Публичная политика] _fН. В. Антоненко, Т. Г. Архипова, Е. В. Барышева, В. О. Беклямишев _gответственный редактор Е. В. Барышева _g[Министерство науки и высшего образования Российской Федерации, Федеральное государственное бюджетное образовательное учреждение высшего образования "Российский государственный гуманитарный университет", Историко-архивный институт, Исторический факультет] |
|
| 203 |
_aТекст _bвизуальный _cнепосредственный |
||
| 210 |
_aМосква _cРГГУ _d2024 |
||
| 215 |
_a269, [1] с. _d22 |
||
| 300 | _aАвт. указаны на обороте тит. с. | ||
| 320 | _aБиблиогр.: с. 266-270 и в подстроч. примеч. | ||
| 606 | 1 |
_aОрганы государственной власти _jУчебники для высших учебных заведений _yРоссийская Федерация _92092576 _3RU\NLR\AUTH\661266442 |
|
| 606 | 1 |
_aМестное самоуправление _jУчебники для высших учебных заведений _xПравовые вопросы _yРоссийская Федерация _92131783 _3RU\NLR\AUTH\661286000 |
|
| 686 | 1 | _aХ620.61я73 | |
| 686 | 1 | _aХ621.011.2я73 | |
| 701 | 1 |
_aАнтоненко _bН. В. _gНаталья Викторовна |
|
| 701 | 1 |
_aАрхипова _bТ. Г. _gТатьяна Григорьевна |
|
| 701 | 1 |
_aБарышева _bЕ. В. _gЕлена Владимировна |
|
| 701 | 1 |
_aБеклямишев _bВ. О. _gВладимир Олегович |
|
| 702 | 1 |
_aБарышева _bЕ. В. _gЕлена Владимировна _4340 |
|
| 712 | 0 | 2 |
_4570 _aРоссийский государственный гуманитарный университет _bИсторико-архивный институт _bИсторический факультет _92645594 _3RU\NLR\AUTH\880615986 |
| 942 | _cBOOK | ||
| 980 | _aNB | ||